Suomalaisia yleisurheilukilpailuja - Statistics

Yleistilastot
  • Tätä visaa on pelattu 74 kertaa
  • Keskiarvotulos 5 / 8
Vastaustilastot
% Oikein
vuosittain järjestettävä Suomenmestaruuskilpailu Kalevan kisat
95%
menestyneimmän yleisurheilijan mukaan nimetty urheilukilpailu Paavo Nurmi Games
89%
kahden maan välinen yleisurheilukilpailu Ruotsi-ottelu
86%
Karnevaalit * keihäskarnevaalit Pihtiputaan keihäskarnevaalit
69%
Juhannuskisat Etelä-Pohjanmaalla järjestettävät juhannuskisat Kuortane Games
52%
Karnevaalit * seiväskarnevaalit Someron seiväskarnevaalit
45%
Karnevaalit * kuulakarnevaalit Kyröskosken kuulakarnevaalit
17%
Juhannuskisat tunnettiin ennen nimellä Lapinlahden Juhannuskisat Savo Games
3%
Ehtoja vastaavia visoja ei löytynyt
Tulosjakauma
Jokaisen tuloksen saaneiden osuus
Persentiili vastausten määrän mukaan
Tuloshistoriasi
Et ole pelannut tätä visaa